Biocomposites - bio-based fibers and polymers from renewable resources : (Record no. 52567)

MARC details
000 -LEADER
fixed length control field 00893nam a2200277Ia 4500
005 - DATE AND TIME OF LATEST TRANSACTION
control field 20260429112136.0
008 - FIXED-LENGTH DATA ELEMENTS--GENERAL INFORMATION
fixed length control field 260429s9999||||xx |||||||||||||| ||und||
020 ## - INTERNATIONAL STANDARD BOOK NUMBER
International Standard Book Number 9780323972826
041 ## - LANGUAGE CODE
Language English
082 ## - DEWEY DECIMAL CLASSIFICATION NUMBER
Classification number 620.197
Item number RAM
100 ## - MAIN ENTRY--PERSONAL NAME
Personal name Ramnath, R. Arun
245 #0 - TITLE STATEMENT
Title Biocomposites - bio-based fibers and polymers from renewable resources :
Remainder of title processing, performance, durability and applications /
Statement of responsibility, etc R. Arun Ramnath
250 ## - EDITION STATEMENT
Edition statement 1st ed.
260 ## - PUBLICATION, DISTRIBUTION, ETC. (IMPRINT)
Place of publication, distribution, etc Amsterdam :
Name of publisher, distributor, etc Elsevier,
Date of publication, distribution, etc 2024.
300 ## - PHYSICAL DESCRIPTION
Extent xv, 326 p.; pbk
440 ## - SERIES STATEMENT/ADDED ENTRY--TITLE
Title Woodhead publishing series in composites science and engineering
650 ## - SUBJECT ADDED ENTRY--TOPICAL TERM
Topical term or geographic name as entry element Fiber and Polymers
650 ## - SUBJECT ADDED ENTRY--TOPICAL TERM
Topical term or geographic name as entry element Renewable resources
650 ## - SUBJECT ADDED ENTRY--TOPICAL TERM
Topical term or geographic name as entry element Biocomposites
700 ## - ADDED ENTRY--PERSONAL NAME
Personal name Fischer, Steffen
700 ## - ADDED ENTRY--PERSONAL NAME
Personal name Gorbatyuk, Sergey M.
700 ## - ADDED ENTRY--PERSONAL NAME
Personal name Sanjay, M. R.
700 ## - ADDED ENTRY--PERSONAL NAME
Personal name Siengchin, Suchart
700 ## - ADDED ENTRY--PERSONAL NAME
Personal name Soutis, Costas
942 ## - ADDED ENTRY ELEMENTS (KOHA)
Koha item type Text Books
Holdings
Withdrawn status Lost status Damaged status Not for loan Collection code Home library Location Shelving location Date of Cataloging Source of acquisition Total Checkouts Full call number Barcode Date last seen Price effective from Koha item type
        Non-fiction CUTN Central Library CUTN Central Library Medicine, Technology & Management 29/04/2026 TBH Library Book Suppliers, Chennai - Invoice No. SINV00733 on 09-02-2026   620.197 RAM 57670 29/04/2026 29/04/2026 Text Books